| 000 | 00373nam a2200133Ia 4500 | ||
|---|---|---|---|
| 008 | 191201s2004 xx 000 0 und d | ||
| 082 |
_a621.37 _bTAE |
||
| 100 | _aTALBAR, Sanjay | ||
| 245 | 0 | _aElectronics Measurement and Instrumentation Analog and Digital | |
| 260 |
_aN.Delhi _bDhanpat Rai Pub (P) Ltd _c2004 |
||
| 300 | _a22.08 | ||
| 650 | _aB.Tech(ECE) | ||
| 942 |
_2ddc _cBK |
||
| 999 |
_c2187 _d2187 |
||